Countries with the Most Churches - Statistics

General Stats
  • This quiz has been taken 315 times
  • The average score is 12 of 15
Answer Stats
No. of Churches Answer % Correct
380 000 United States
99%
48 021 France
96%
25 011 Brazil
95%
100 000 Italy
95%
40 300 United Kingdom
95%
22 000 Mexico
94%
26 998 Spain
94%
45 680 Germany
93%
47 000 Russia
93%
30 000 Canada
89%
53 000 China
83%
300 000 Nigeria
65%
57 010 Ethiopia
47%
61 000 Indonesia
42%
40 000 Uganda
19%
No matching quizzes found
Score Distribution
Percent of People with Each Score
Percentile by Number Answered
Your Score History
You have not taken this quiz